[Event "Athens Georgiou CC op 5th"]
[Site "Athens"]
[Date "2019.04.20"]
[Round "7"]
[White "Vlachos, Georgios"]
[Black "Etzoglou, Efthimios"]
[Result "0-1"]
[WhiteElo "1396"]
[BlackElo "1859"]
[PlyCount "54"]
[EventDate "2019.03.02"]
[EventType "swiss"]
[EventRounds "7"]
[EventCountry "GRE"]
[SourceTitle "EXT 2020"]
[Source "ChessBase"]
[SourceDate "2019.10.17"]
[SourceVersion "1"]
[SourceVersionDate "2019.10.17"]
[SourceQuality "1"]

1. e4 c5 2. c3 g6 3. d4 cxd4 4. cxd4 d5 5. Nc3 dxe4 6. Bc4 Nc6 7. Qb3 e6 8. d5 Nd4 9. Qd1 Bg7 10. Be3 e5 11. Nxe4 Qa5+ 12. Bd2 Qb6 13. Bc3 Bf5 14. Bxd4 exd4 15. Bb5+ Kf8 16. Bd3 Re8 17. Qa4 Nf6 18. Qa3+ Kg8 19. f3 Nxe4 20. fxe4 Bxe4 21. Qa4 Re5 22. Bxe4 Rxe4+ 23. Ne2 Qxb2 24. 0-0 Rxe2 25. Rxf7 Rxg2+ 26. Kh1 Rxh2+ 27. Kg1 Qg2# 0-1